|
|
|
|
| LEADER |
00000nam a22000007a 4500 |
| 005 |
20190830230330.0 |
| 007 |
cr|||| |||| |
| 008 |
190830s2019 es |||||s|||| 00||0 spa d |
| 020 |
|
|
|a 978-84-1324-171-5
|
| 035 |
|
|
|a 24156
|
| 040 |
|
|
|a vLex
|
| 090 |
|
|
|c 9343
|d 9343
|
| 100 |
1 |
|
|a Fuertes-Planas Aleix, Cristina
|
| 245 |
1 |
2 |
|a El derecho entre concepciones sistemt̀icas y visiones literarias
|h [Recurso electrn̤ico] :
|b Principios del Derecho V /
|c Cristina Fuertes-Planas Aleix, ℓngel Sǹchez de la Torre
|
| 256 |
|
|
|a Servicio en ln̕ea
|
| 260 |
|
|
|a Madrid:
|b Dykinson,
|c 2019
|
| 300 |
|
|
|a 1 recurso electrn̤ico
|
| 500 |
|
|
|a La obra recoge distintos trabajos que disertan sobre el “El Derecho entre concepciones sistemt̀icas y visiones literarias”, como especifica el tt̕ulo del libro, cuyos autores especialistas en la materia abordan temt̀icas de relevante interš para cualquier jurista e investigador y profundizan en el pensamiento jurd̕ico.
|
| 506 |
1 |
|
|a Disponible solo en los productos indicados
|d vLex Global
|d vLex Global (Academic Edition, excluding Law Schools)
|d vLex Global (U.S. Academic Edition, Law Schools)
|d vLex Global (U.S. Academic Edition, excluding Law Schools)
|d vLex Global (Academic Edition, Law Schools)
|
| 650 |
0 |
4 |
|a Derecho Militar
|z Espaą
|
| 700 |
1 |
|
|a Sǹchez de la Torre, ℓngel
|
| 740 |
0 |
|
|a vLex Libros (Servicio en ln̕ea)
|
| 856 |
4 |
0 |
|u http://vlex.com/source/derecho-entre-concepciones-sistematicas-y-visiones-literarias-principios-del-derecho-v-24156
|z Acceso restringido
|
| 942 |
|
|
|c BOOK
|
| 999 |
0 |
|
|a Military Law
|